| 000 | 00536nam a2200193 a 4500 | ||
|---|---|---|---|
| 003 | OSt | ||
| 005 | 20140506143510.0 | ||
| 008 | 021129s19uu xx 00 eng d | ||
| 050 |
_aBF 173.F85 _b.F753 1981 |
||
| 100 | _aFromm, Erich. | ||
| 245 |
_aGreatness and limitations of Freud's thought / _cby Erich Fromm. |
||
| 260 |
_aNew York : _bNew Amrican Library, _cc1981. |
||
| 300 |
_a148 p. : _c18 cm. |
||
| 521 | _aPSYCH | ||
| 650 | _aFreud, Sigmund, 1856-1939. | ||
| 650 | _aPsychoanalysis. | ||
| 942 |
_cBK _2lcc |
||
| 999 |
_c21419 _d21419 |
||